8-kirjaimiset pääkaupungit - Statistics

Yleistilastot
  • Tätä visaa on pelattu 76 kertaa
    75 viimeisimmän päivityksen jälkeen
  • Keskiarvotulos 22 / 33
Vastaustilastot
Maanosa Pääkaupunki % Oikein
Eurooppa Tukholma
100%
Eurooppa Budapest
95%
Eurooppa Bukarest
95%
Oseania Canberra
95%
Eurooppa Helsinki
91%
Eurooppa Tallinna
91%
Eurooppa Chișinău
86%
Eurooppa Lissabon
82%
Eurooppa Berliini
77%
Etelä-Amerikka Asunción
73%
Etelä-Amerikka Brasília
73%
Eurooppa Pristina
73%
Etelä-Amerikka Santiago
73%
Pohjois-Amerikka Kingston
68%
Afrikka Kinshasa
68%
Eurooppa Sarajevo
68%
Afrikka Gaborone
64%
Eurooppa Valletta
64%
Aasia Damaskos
59%
Afrikka Freetown
59%
Oseania Funafuti
59%
Afrikka Pretoria
59%
Afrikka N'Djamena
55%
Aasia New Delhi
55%
Afrikka Windhoek
55%
Pohjois-Amerikka Belmopan
50%
Pohjois-Amerikka Castries
50%
Afrikka Djibouti
50%
Afrikka Monrovia
50%
Oseania Port Vila
50%
Afrikka Victoria
50%
Aasia Abu Dhabi
45%
Afrikka Lilongwe
45%
Ehtoja vastaavia visoja ei löytynyt
Tulosjakauma
Jokaisen tuloksen saaneiden osuus
Persentiili vastausten määrän mukaan
Tuloshistoriasi
Et ole pelannut tätä visaa sen viimeisimmän päivityksen jälkeen